|
|
|
|
| LEADER |
02640nam a2200673 ia4500 |
| 001 |
nkc20213376951 |
| 003 |
CZ PrNK |
| 005 |
20240730124220.0 |
| 007 |
ta |
| 008 |
211130m20202021xr acehf 000 0 ger |
| 015 |
|
|
|a cnb003376951
|
| 020 |
|
|
|a 978-80-906693-7-6
|q (I. Teil ;
|q vázáno)
|
| 020 |
|
|
|a 978-80-908402-1-8
|q (II. Teil ;
|q vázáno)
|
| 035 |
|
|
|a (OCoLC)1329409065
|
| 040 |
|
|
|a BOA001
|b cze
|e rda
|
| 041 |
1 |
|
|a ger
|h cze
|
| 043 |
|
|
|a e-xr---
|
| 045 |
|
|
|a x-y-
|
| 072 |
|
7 |
|a 629
|x Dopravní prostředky
|2 Konspekt
|9 19
|
| 080 |
|
|
|a 621.43
|2 MRF
|
| 080 |
|
|
|a 629.331-8
|2 MRF
|
| 080 |
|
|
|a 629.331
|2 MRF
|
| 080 |
|
|
|a 629.331:334.716
|2 MRF
|
| 080 |
|
|
|a (437.3)
|2 MRF
|
| 080 |
|
|
|a (048.8)
|2 MRF
|
| 100 |
1 |
|
|a Chlupáč, Martin
|7 jo20201090435
|4 aut
|
| 240 |
1 |
0 |
|a Historie motorů Laurin & Klement a Škoda.
|l Německy
|
| 245 |
1 |
4 |
|a Die Geschichte der Motoren Laurin & Klement und Škoda /
|c Martin Chlupáč ; Übersetzung: Jens Unbereit
|
| 264 |
|
1 |
|a [Zvole] :
|b Moto Public,
|c [2020-2021]
|
| 300 |
|
|
|a 2 svazky :
|b ilustrace (některé barevné), portréty, plány, faksimile ;
|c 31 cm
|
| 336 |
|
|
|a text
|b txt
|2 rdacontent
|
| 336 |
|
|
|a statický obraz
|b sti
|2 rdacontent
|
| 337 |
|
|
|a bez média
|b n
|2 rdamedia
|
| 338 |
|
|
|a svazek
|b nc
|2 rdacarrier
|
| 500 |
|
|
|a Přeloženo z češtiny
|
| 500 |
|
|
|a Chronologický přehled
|
| 504 |
|
|
|a Obsahuje bibliografie
|
| 505 |
0 |
|
|a I. Teil. 1899-1948. ©2020. 506 stran -- II. Teil. 1949-2021. ©2021. 450 stran
|
| 610 |
2 |
7 |
|a Laurin & Klement (firma)
|7 kn20060125025
|2 czenas
|
| 610 |
2 |
7 |
|a Škoda Auto (firma)
|7 kn20020409007
|2 czenas
|
| 648 |
|
7 |
|a 20.-21. století
|7 ch462155
|2 czenas
|
| 650 |
0 |
7 |
|a spalovací motory
|7 ph116225
|2 czenas
|
| 650 |
0 |
7 |
|a automobilové motory
|7 ph736655
|2 czenas
|
| 650 |
0 |
7 |
|a Laurin & Klement (automobily)
|7 ph117035
|2 czenas
|
| 650 |
0 |
7 |
|a Škoda (automobily)
|7 ph127770
|z Česko
|y 20.-21. století
|2 czenas
|
| 650 |
0 |
7 |
|a automobilové podniky
|7 ph503932
|z Česko
|y 20.-21. století
|2 czenas
|
| 650 |
0 |
9 |
|a internal combustion engines
|2 eczenas
|
| 650 |
0 |
9 |
|a automobile engines
|2 eczenas
|
| 650 |
0 |
9 |
|a Laurin & Klement automobile
|2 eczenas
|
| 650 |
0 |
9 |
|a Škoda automobile
|z Czechia
|y 20th-21st centuries
|2 eczenas
|
| 650 |
0 |
9 |
|a automobile companies
|z Czechia
|y 20th-21st centuries
|2 eczenas
|
| 655 |
|
7 |
|a monografie
|7 fd132842
|2 czenas
|
| 655 |
|
9 |
|a monographs
|2 eczenas
|
| 700 |
1 |
|
|a Unbereit, Jens,
|d 1972-
|7 xx0264188
|4 trl
|
| 910 |
2 |
|
|a BOA001
|b 4-1478.145
|s 1-
|
| 990 |
|
|
|a BK
|
| 995 |
|
|
|a 01
|
| 991 |
|
|
|b 202112
|c NOV
|
| 996 |
6 |
|
|b 2610887596
|c 4-1478.145
|d 1. díl
|v 1
|l MZK
|r Sklad / do 1 hodiny
|n 0
|p p.v.
|w 001871405
|u 000010
|a 1
|e BOA001
|j MZK50
|s P
|